| 000 | 00719nam a2200229 4500 | ||
|---|---|---|---|
| 003 | OSt | ||
| 005 | 20240605024734.0 | ||
| 006 | a | ||
| 008 | 240605b |||||||| |||| 00| 0 eng d | ||
| 020 | _a9719919292 | ||
| 040 |
_aDWCL-Main lib. _cOC |
||
| 082 |
_22013 edition _aFil. 657 Ub14c 2012 |
||
| 100 | _aUberita, Conrado O. | ||
| 245 | _aCPA examination : practical accounting 1 (full IAS/IFRS & IFRS for SMEs) / | ||
| 250 | _a2013 edition | ||
| 260 |
_aManila : _bGIC, _cc2012. |
||
| 300 |
_b836 pages ; _c23 cm. |
||
| 650 | _a1. Accounting–Examinations, questions, etc. | ||
| 650 | _a2. Accounting–Problems, exercises, etc. | ||
| 700 | _aConrado O. Uberita | ||
| 942 |
_2ddc _n0 _cBK - FIL _e2013 editiojn _kFil. |
||
| 999 |
_c176 _d176 |
||